000 00417cam a2200169ua 4500
020 _c379.00
041 _aeng
_h
082 _a005.133
_bHOL/HT
100 _aHolzner, Steven .
245 _aHTML Black book /
_cSteven Holzner.
_hTextual Documents
260 _aNew Delhi :
_bDreamtech Press ,
_c2007.
300 _a1795 ;
_eCD.
365 _a379.00
504 _a
942 _cBK
999 _c13267
_d13267